000 01025nam a22002777a 4500
999 _c13433
_d13433
003 MIRAKIL
005 20190725122040.0
008 190725b tu ||||| |||| 00| 0 tur d
020 _a9786052957103
040 _aTR-AnCHP
_cTR-AnCHP
041 _atur
082 _a920.5
_bG99 2019
245 1 0 _aGüzel günlerimiz oldu :
_bSami Karaören /
_chazırlayanlar : P. Şükran Sabunç, Mukadder Özgeç, Ömer Özgeç.
246 _aSami Karaören anıları
260 _aİstanbul:
_bTürkiye İş Bankası Kültür yayınları,
_c2019.
_fAyhan Matbaası.
300 _axıı, 179 s.:
_bfotg.;
_c20 sm.
490 0 _aTürkiye İş Bankası Kültür yayınları;
_vGenel yayın :4396.
504 _aDizin vardır.
600 0 _95904
_aKaraören, Sami
_cGazeteci
_d1924-
_xAnılar
650 0 _9439
_aGazeteciler
_xYaşamöyküsü
700 _95905
_aSabanuç, P. Şükran
_ehaz.
700 _95906
_aÖzgeç, Mukadder
_ehaz.
700 _95907
_aÖzgeç, Ömer
_ehaz.
740 _aSami Karaören anıları
942 _2ddc
_cBKS